[Event "WchT Rapid"]
[Site "London"]
[Date "2025.06.13"]
[Round "11.6"]
[White "Araya Fuentes, Cristian"]
[Black "Watson, Mikey J"]
[Result "1/2-1/2"]
[WhiteElo "1945"]
[BlackElo "1914"]
[PlyCount "97"]
[EventDate "2025.06.11"]
[EventType "team-swiss"]
[EventRounds "12"]
[EventCountry "ENG"]
[SourceTitle "CB25_2025"]
[SourceDate "2025.06.18"]
[SourceVersion "1"]
[SourceVersionDate "2025.06.18"]
[SourceQuality "1"]
[WhiteTeam "The MongolZ"]
[BlackTeam "Rookies"]
[WhiteTeamCountry "MGL"]
[BlackTeamCountry "KAZ"]

1. Nf3 Nf6 2. g3 d5 3. Bg2 c5 4. d3 Nc6 5. Nbd2 e6 6. e4 d4 7. a4 Be7 8. Nc4 b6 9. Nfe5 Nxe5 10. Nxe5 Bb7 11. f4 Nd7 12. Nxd7 Qxd7 13. 0-0 f5 14. Re1 0-0 15. b3 Rae8 16. Bb2 Bd6 17. Qd2 e5 18. fxe5 Rxe5 19. exf5 Rexf5 20. Rf1 Be7 21. Rxf5 Rxf5 22. Bxb7 Qxb7 23. Qg2 Qxg2+ 24. Kxg2 Re5 25. Kf1 Bg5 26. Bc1 Rf5+ 27. Ke2 Bxc1 28. Rxc1 Rh5 29. Rh1 Kf7 30. g4 Rh3 31. Kf2 Kg6 32. Kg2 Re3 33. Rf1 Re2+ 34. Rf2 Re3 35. h3 h6 36. Kh2 a6 37. Kg2 b5 38. axb5 axb5 39. Kh2 Kh7 40. Kg2 Kg8 41. Kh2 g6 42. Kg2 Kg7 43. Kh2 g5 44. Kg2 Kg6 45. Kh2 h5 46. Kg2 hxg4 47. hxg4 Re1 48. Kh2 Re3 49. Kg2 1/2-1/2

[Event "WchT Rapid"]
[Site "London"]
[Date "2025.06.11"]
[Round "1.6"]
[White "Aryaman, Ganguly"]
[Black "Watson, Mikey J"]
[Result "1/2-1/2"]
[WhiteElo "1604"]
[BlackElo "1914"]
[PlyCount "150"]
[EventDate "2025.06.11"]
[EventType "team-swiss"]
[EventRounds "12"]
[EventCountry "ENG"]
[SourceTitle "CB25_2025"]
[SourceDate "2025.06.18"]
[SourceVersion "1"]
[SourceVersionDate "2025.06.18"]
[SourceQuality "1"]
[WhiteTeam "Hammersmith"]
[BlackTeam "Rookies"]
[WhiteTeamCountry "ENG"]
[BlackTeamCountry "KAZ"]

1. e4 c6 2. d4 d5 3. Nc3 dxe4 4. Nxe4 Nf6 5. Nxf6+ exf6 6. Nf3 Bf5 7. Be2 Bd6 8. 0-0 0-0 9. h3 Nd7 10. Bd3 Bxd3 11. Qxd3 Re8 12. Bd2 Qc7 13. Rfe1 c5 14. c3 a6 15. Rac1 c4 16. Qb1 b5 17. Re4 Re6 18. Rce1 Rae8 19. R4e3 Nb6 20. R1e2 Nd5 21. Re4 g6 22. Qe1 Qd7 23. Rxe6 fxe6 24. g3 Re7 25. Kg2 Bc7 26. Ng1 Qc6 27. Kh2 Kf7 28. f4 Re8 29. Qf2 a5 30. a3 Qd6 31. Nf3 Ne7 32. Qe1 Nf5 33. Kg2 Qd5 34. Be3 Bd6 35. Bf2 Re7 36. Re4 Kg7 37. Re2 h5 38. Re4 Nh6 39. Re2 Nf7 40. Re3 Nd8 41. Kh2 Nc6 42. Nd2 b4 43. axb4 axb4 44. Ne4 b3 45. Nd2 Nd8 46. Qe2 Rc7 47. Qf1 e5 48. fxe5 fxe5 49. dxe5 Bxe5 50. Qe2 Bd6 51. Re4 Rf7 52. Rxc4 Ne6 53. Re4 Ng5 54. Rd4 Qc6 55. h4 Nf3+ 56. Nxf3 Qxf3 57. Qxf3 Rxf3 58. Kg2 Rf6 59. Rd5 Re6 60. Rb5 Re2 61. Kf3 Rxb2 62. c4 Rc2 63. Rxb3 Rxc4 64. Rd3 Be5 65. Rd7+ Kf6 66. Be3 Rc3 67. Ke2 Rc2+ 68. Kf3 Rc3 69. Ke2 Kf5 70. Kd2 Rb3 71. Rd5 Ke4 72. Rc5 Rxe3 73. Rxe5+ Kxe5 74. Kxe3 Kf5 75. Kf3 Ke5 1/2-1/2

[Event "WchT Rapid"]
[Site "London"]
[Date "2025.06.11"]
[Round "2.6"]
[White "Watson, Mikey J"]
[Black "Sailaubay, Aldiyar"]
[Result "1/2-1/2"]
[WhiteElo "1914"]
[BlackElo "1831"]
[PlyCount "131"]
[EventDate "2025.06.11"]
[EventType "team-swiss"]
[EventRounds "12"]
[EventCountry "ENG"]
[SourceTitle "CB25_2025"]
[SourceDate "2025.06.18"]
[SourceVersion "1"]
[SourceVersionDate "2025.06.18"]
[SourceQuality "1"]
[WhiteTeam "Rookies"]
[BlackTeam "Ashdod Elit CC"]
[WhiteTeamCountry "KAZ"]
[BlackTeamCountry "ISR"]

1. d4 Nf6 2. Nf3 e6 3. e3 b6 4. Bd3 Bb7 5. Nbd2 d5 6. b3 Nbd7 7. Bb2 Bd6 8. c4 0-0 9. 0-0 c5 10. Ne5 cxd4 11. exd4 Rc8 12. Qe2 Qe7 13. f4 dxc4 14. bxc4 Ba3 15. Ndf3 Bxb2 16. Qxb2 h6 17. a4 Rfd8 18. a5 Bxf3 19. Nxf3 Qd6 20. g3 Rb8 21. axb6 axb6 22. Rfd1 Ra8 23. Ne5 Rxa1 24. Qxa1 Qc7 25. Be2 Ne4 26. Bf3 Nd6 27. Nc6 Re8 28. Qa4 Nf5 29. Qb5 Nf6 30. Ne5 Rd8 31. Nc6 Re8 32. Rd3 Kh8 33. Kg2 Rc8 34. Rb3 Nd7 35. d5 Nd6 36. Qb4 exd5 37. cxd5 Re8 38. Qd4 Nf5 39. Qd2 Qd6 40. Bg4 Nc5 41. Ra3 Ne4 42. Qd3 g6 43. Ne5 Kg8 44. Bxf5 gxf5 45. Ra7 Re7 46. Ra8+ Kg7 47. Qd4 f6 48. Nc4 Qc5 49. Qxc5 bxc5 50. Rc8 Rd7 51. d6 Nxd6 52. Nxd6 Rxd6 53. Rxc5 Kg6 54. h3 Rd2+ 55. Kf3 Rd3+ 56. Kf2 Ra3 57. Rd5 Ra2+ 58. Kf3 Rh2 59. h4 Ra2 60. h5+ Kxh5 61. Rxf5+ Kg6 62. Rd5 Ra3+ 63. Kg4 Ra4 64. Kh4 Rb4 65. Kg4 Rc4 66. Kh4 1/2-1/2

[Event "London Chess Classic: Blitz B"]
[Site "London"]
[Date "2019.12.08"]
[Round "2"]
[White "Caceres De la Calle, Eduardo"]
[Black "Watson, Mikey J"]
[Result "1/2-1/2"]
[WhiteElo "1575"]
[BlackElo "1748"]
[PlyCount "102"]
[EventDate "2019.12.08"]
[EventType "swiss (blitz)"]
[EventRounds "11"]
[EventCountry "ENG"]
[SourceTitle "EXT 2021"]
[Source "ChessBase"]
[SourceDate "2020.10.23"]
[SourceVersion "1"]
[SourceVersionDate "2020.10.23"]
[SourceQuality "1"]

1. c4 e5 2. Nc3 f5 3. g3 Nf6 4. Bg2 Be7 5. e3 c6 6. Nge2 0-0 7. 0-0 Kh8 8. d3 d5 9. cxd5 cxd5 10. Qb3 e4 11. dxe4 dxe4 12. Rd1 Qc7 13. Nf4 Nc6 14. Bd2 Qe5 15. Nce2 Na5 16. Qc2 Bd7 17. Bc3 Qc7 18. Rac1 Rac8 19. Qb1 Nc6 20. Nd4 Qb6 21. Nxc6 Bxc6 22. Bd4 Qa6 23. Bf1 Bb5 24. Bxb5 Qxb5 25. a3 Rfd8 26. Rxc8 Rxc8 27. Rc1 Qd7 28. Rxc8+ Qxc8 29. Bxa7 Bd6 30. Bd4 Bxf4 31. Bxf6 Bd6 32. Bd4 Qc4 33. b3 Qc6 34. Qb2 Bf8 35. a4 Kg8 36. Qc3 Qxc3 37. Bxc3 Kf7 38. Kf1 g6 39. h4 Ke6 40. Ke2 Kd5 41. Kd2 Bd6 42. Kc2 Kc6 43. Bd4 b5 44. axb5+ Kxb5 45. Bb2 Bb4 46. Bc3 Bd6 47. Be1 Be5 48. Bd2 Kc5 49. Be1 Kb5 50. Bd2 Kc5 51. Be1 Kb5 1/2-1/2

[Event "London Chess Classic: Blitz B"]
[Site "London"]
[Date "2019.12.08"]
[Round "10"]
[White "Fink Nunn, Petra"]
[Black "Watson, Mikey J"]
[Result "0-1"]
[WhiteElo "1908"]
[BlackElo "1748"]
[PlyCount "70"]
[EventDate "2019.12.08"]
[EventType "swiss (blitz)"]
[EventRounds "11"]
[EventCountry "ENG"]
[SourceTitle "EXT 2021"]
[Source "ChessBase"]
[SourceDate "2020.10.23"]
[SourceVersion "1"]
[SourceVersionDate "2020.10.23"]
[SourceQuality "1"]

1. e4 c6 2. d4 d5 3. f3 dxe4 4. fxe4 e5 5. Nf3 exd4 6. Bc4 Be6 7. Bxe6 fxe6 8. 0-0 Be7 9. Nxd4 Qd6 10. Bf4 Qd7 11. Nc3 Nf6 12. e5 Nd5 13. Nxd5 Qxd5 14. Kh1 Nd7 15. Nf3 0-0-0 16. Qxd5 cxd5 17. Ng5 Bxg5 18. Bxg5 Rdf8 19. Be7 Rxf1+ 20. Rxf1 Nxe5 21. Re1 Kd7 22. Bc5 Nc6 23. b4 b6 24. Bf2 Rf8 25. Kg1 e5 26. g3 e4 27. Kg2 Nxb4 28. Bd4 g6 29. c3 Nd3 30. Rf1 Rxf1 31. Kxf1 Kc6 32. Ke2 Kb5 33. Kd2 Ka4 34. Kc2 Ka3 35. Kb1 Ne1 0-1

[Event "London Chess Classic: Blitz B"]
[Site "London"]
[Date "2019.12.08"]
[Round "11"]
[White "Grover, Sahaj"]
[Black "Watson, Mikey J"]
[Result "1-0"]
[WhiteElo "2486"]
[BlackElo "1748"]
[PlyCount "57"]
[EventDate "2019.12.08"]
[EventType "swiss (blitz)"]
[EventRounds "11"]
[EventCountry "ENG"]
[SourceTitle "EXT 2021"]
[Source "ChessBase"]
[SourceDate "2020.10.23"]
[SourceVersion "1"]
[SourceVersionDate "2020.10.23"]
[SourceQuality "1"]

1. d4 d5 2. c4 c6 3. Nc3 Nf6 4. Nf3 g6 5. cxd5 cxd5 6. Bf4 a6 7. e3 Bg7 8. Be2 0-0 9. h4 Nc6 10. Ne5 h5 11. Rc1 Ne4 12. Nxc6 bxc6 13. Nxe4 dxe4 14. Rxc6 Qa5+ 15. Qd2 Qxa2 16. 0-0 Bb7 17. Rc7 Bd5 18. Rxe7 Rfc8 19. Rc1 Bf8 20. Rec7 Rcb8 21. R7c2 Rb7 22. Kh2 Kh7 23. f3 Bb4 24. Qd1 Bb3 25. Bc4 Bxc4 26. Rxc4 exf3 27. Qxf3 Raa7 28. Be5 f5 29. Rc8 1-0

[Event "London Chess Classic: Blitz B"]
[Site "London"]
[Date "2019.12.08"]
[Round "8"]
[White "Sheikh, Anum"]
[Black "Watson, Mikey J"]
[Result "0-1"]
[WhiteElo "1560"]
[BlackElo "1748"]
[PlyCount "30"]
[EventDate "2019.12.08"]
[EventType "swiss (blitz)"]
[EventRounds "11"]
[EventCountry "ENG"]
[SourceTitle "EXT 2021"]
[Source "ChessBase"]
[SourceDate "2020.10.23"]
[SourceVersion "1"]
[SourceVersionDate "2020.10.23"]
[SourceQuality "1"]

1. e4 c6 2. d4 d5 3. exd5 cxd5 4. Bd3 Nf6 5. Bf4 Nc6 6. c3 g6 7. Nf3 Bg7 8. 0-0 0-0 9. Re1 Bf5 10. Bxf5 gxf5 11. Nbd2 e6 12. Ne5 Ne4 13. f3 Nxe5 14. Bxe5 Bxe5 15. dxe5 Qb6+ 0-1

[Event "London Chess Classic: Blitz B"]
[Site "London"]
[Date "2019.12.08"]
[Round "7"]
[White "Watson, Mikey J"]
[Black "Vaidya, Raghav"]
[Result "1-0"]
[WhiteElo "1748"]
[BlackElo "1467"]
[PlyCount "117"]
[EventDate "2019.12.08"]
[EventType "swiss (blitz)"]
[EventRounds "11"]
[EventCountry "ENG"]
[SourceTitle "EXT 2021"]
[Source "ChessBase"]
[SourceDate "2020.10.23"]
[SourceVersion "1"]
[SourceVersionDate "2020.10.23"]
[SourceQuality "1"]

1. e4 c5 2. Nf3 Nc6 3. d4 cxd4 4. Nxd4 Nf6 5. Nc3 e5 6. Nxc6 bxc6 7. Bg5 Bb4 8. Bd3 d5 9. 0-0 Bxc3 10. bxc3 0-0 11. Qe2 d4 12. cxd4 exd4 13. e5 Re8 14. Bxf6 gxf6 15. Qh5 f5 16. Bxf5 Bxf5 17. Qxf5 Qd5 18. Rfe1 Re6 19. Qe4 Rae8 20. Qxd5 cxd5 21. f4 f6 22. Rad1 fxe5 23. fxe5 Rxe5 24. Rxe5 Rxe5 25. Rxd4 Re2 26. Rxd5 Rxc2 27. Ra5 Kf7 28. Rxa7+ Ke6 29. a4 Rc1+ 30. Kf2 Rc2+ 31. Kg3 Rc3+ 32. Kg4 Rc4+ 33. Kh3 Rc3+ 34. g3 Rc4 35. Rxh7 Rxa4 36. Rh5 Kf6 37. Rb5 Re4 38. g4 Re3+ 39. Kh4 Re8 40. h3 Rh8+ 41. Kg3 Re8 42. h4 Re3+ 43. Kf4 Ra3 44. Rb6+ Kf7 45. Kg5 Kg7 46. Rb7+ Kg8 47. Kh5 Ra5+ 48. g5 Rc5 49. Kh6 Rc6+ 50. g6 Rc8 51. Rf7 Ra8 52. h5 Re8 53. Kg5 Ra8 54. h6 Ra5+ 55. Rf5 Ra6 56. h7+ Kg7 57. Rf7+ Kh8 58. Rf8+ Kg7 59. h8Q# 1-0

[Event "London Classic rapid op 11th"]
[Site "London"]
[Date "2019.12.07"]
[Round "6"]
[White "Karumazondo, Ernest"]
[Black "Watson, Mikey J"]
[Result "0-1"]
[WhiteElo "1900"]
[BlackElo "1821"]
[PlyCount "62"]
[EventDate "2019.12.07"]
[EventType "swiss (rapid)"]
[EventRounds "7"]
[EventCountry "ENG"]
[SourceTitle "CBM 195 Extra"]
[Source "ChessBase"]
[SourceDate "2020.05.31"]
[SourceVersion "1"]
[SourceVersionDate "2020.05.31"]
[SourceQuality "1"]

1. e4 c6 2. Nf3 d5 3. exd5 cxd5 4. Ne5 Nc6 5. d4 Nf6 6. c3 g6 7. Bd3 Bg7 8. f4 0-0 9. 0-0 Ne4 10. Nd2 Nd6 11. g4 f5 12. g5 Nxe5 13. dxe5 Ne4 14. Nf3 Bd7 15. Be3 Bc6 16. Nd4 Qd7 17. Qe2 e6 18. h4 Ng3 19. Qg2 Nxf1 20. Qxf1 a6 21. a3 Rfc8 22. Qe2 Bf8 23. Kg2 Bc5 24. h5 Bxd4 25. Bxd4 Bb5 26. hxg6 hxg6 27. Rh1 Kg7 28. Qf2 Bxd3 29. Rh6 Be4+ 30. Kg3 Rh8 31. Qh2 Qb5 0-1

[Event "London Classic rapid op 11th"]
[Site "London"]
[Date "2019.12.07"]
[Round "5"]
[White "Watson, Mikey J"]
[Black "Nayak, Raghav"]
[Result "1/2-1/2"]
[WhiteElo "1821"]
[BlackElo "1715"]
[PlyCount "85"]
[EventDate "2019.12.07"]
[EventType "swiss (rapid)"]
[EventRounds "7"]
[EventCountry "ENG"]
[SourceTitle "CBM 195 Extra"]
[Source "ChessBase"]
[SourceDate "2020.05.31"]
[SourceVersion "1"]
[SourceVersionDate "2020.05.31"]
[SourceQuality "1"]

1. e4 e5 2. Nf3 Nc6 3. Bc4 Nf6 4. d3 Be7 5. 0-0 0-0 6. c3 d6 7. Bb3 Na5 8. Bc2 c5 9. Nbd2 Re8 10. Re1 Bf8 11. Nf1 g6 12. Bg5 Bg7 13. Qd2 Qc7 14. h3 d5 15. Bxf6 Bxf6 16. exd5 b5 17. Ng3 Bg7 18. Rac1 Ba6 19. b4 Nb7 20. Ne4 Rad8 21. Bb3 c4 22. dxc4 bxc4 23. Ba4 f5 24. Ng3 Re7 25. Bc6 Nd6 26. Rcd1 h6 27. a4 Rf8 28. b5 Bc8 29. Qe2 e4 30. Nd4 f4 31. Nf1 f3 32. gxf3 Bxh3 33. Ng3 Kh7 34. fxe4 Qc8 35. Ne6 Bxe6 36. dxe6 Qxe6 37. Qe3 Nf7 38. Bd5 Qg4 39. Qe2 Qh3 40. Qf1 Qg4 41. Qe2 Qh3 42. Qf1 Qg4 43. Qe2 1/2-1/2

[Event "Thanet op-A 50th"]
[Site "Margate"]
[Date "2019.08.17"]
[Round "2"]
[White "Borland, Scott"]
[Black "Watson, Mikey J"]
[Result "1/2-1/2"]
[WhiteElo "1782"]
[BlackElo "1973"]
[PlyCount "55"]
[EventDate "2019.08.16"]
[EventType "swiss"]
[EventRounds "5"]
[EventCountry "ENG"]
[SourceTitle "EXT 2024"]
[Source "ChessBase"]
[SourceDate "2023.10.10"]
[SourceVersion "1"]
[SourceVersionDate "2023.10.10"]
[SourceQuality "1"]

1. d4 d5 2. c4 c6 3. Nc3 Nf6 4. Nf3 Bf5 5. Qb3 Bc8 6. cxd5 cxd5 7. Bg5 e6 8. e3 Be7 9. Bd3 Nc6 10. 0-0 0-0 11. Rac1 Nd7 12. h4 f5 13. Ne2 Nf6 14. Bb5 Na5 15. Qc2 a6 16. Bd3 Nc6 17. a3 Ne4 18. Bxe7 Qxe7 19. Qb3 Bd7 20. Qxb7 Rfb8 21. Qc7 Ra7 22. Qf4 Rxb2 23. Ne5 Nxe5 24. Qxe5 Qd6 25. Bxe4 Qxe5 26. dxe5 fxe4 27. Nd4 Rab7 28. Rc3 1/2-1/2

[Event "London Classic U2050 op 10th"]
[Site "London"]
[Date "2018.12.16"]
[Round "4"]
[White "Watson, Mikey J"]
[Black "Kelmendi, Bajrush"]
[Result "1-0"]
[WhiteElo "1900"]
[BlackElo "2085"]
[PlyCount "61"]
[EventDate "2018.12.14"]
[EventType "swiss"]
[EventRounds "5"]
[EventCountry "ENG"]
[SourceTitle "CBM 187 Extra"]
[Source "ChessBase"]
[SourceDate "2018.11.04"]
[SourceVersion "1"]
[SourceVersionDate "2018.11.04"]
[SourceQuality "1"]

1. Nf3 g6 2. c4 Bg7 3. Nc3 b6 4. d4 Bb7 5. Bf4 e6 6. e4 Ne7 7. Nb5 d6 8. c5 Nc8 9. Rc1 Bc6 10. cxd6 Nxd6 11. Nxd6+ cxd6 12. Bd3 0-0 13. 0-0 d5 14. e5 Bb7 15. Re1 a6 16. Qd2 Nc6 17. Bg5 Qd7 18. h4 f6 19. exf6 Bxf6 20. Qe3 Rae8 21. h5 Qg7 22. Bh6 Bxd4 23. Nxd4 Qxd4 24. Bxf8 Qxe3 25. Rxe3 Kxf8 26. hxg6 hxg6 27. Bxa6 Nd8 28. Bxb7 Nxb7 29. Rc6 Nc5 30. b4 d4 31. Rf3+ 1-0

[Event "BCF-chT4S 1718 (4NCL)"]
[Site "England"]
[Date "2018.05.05"]
[Round "9.63"]
[White "Vallis, Luke"]
[Black "Watson, Mikey J"]
[Result "1/2-1/2"]
[WhiteElo "1545"]
[BlackElo "1710"]
[PlyCount "47"]
[EventDate "2017.11.11"]
[EventType "team-swiss"]
[EventRounds "11"]
[EventCountry "ENG"]
[SourceTitle "EXT 2020"]
[Source "ChessBase"]
[SourceDate "2019.10.17"]
[SourceVersion "1"]
[SourceVersionDate "2019.10.17"]
[SourceQuality "1"]
[WhiteTeam "Camberley Juniors"]
[BlackTeam "KJCA Young Kestrels"]
[WhiteTeamCountry "ENG"]
[BlackTeamCountry "ENG"]

1. c4 e5 2. g3 f5 3. Bg2 Nf6 4. Nc3 c6 5. d3 Be7 6. e3 d6 7. Nge2 0-0 8. 0-0 Be6 9. f4 Qc7 10. Kh1 g6 11. e4 fxe4 12. Nxe4 Nxe4 13. Bxe4 Nd7 14. Be3 Nf6 15. Bf3 Rf7 16. Nc3 Qd7 17. Ne4 Nxe4 18. Bxe4 Raf8 19. Bg2 Bh3 20. Qe2 Bxg2+ 21. Kxg2 exf4 22. Rxf4 c5 23. Rxf7 Rxf7 24. Rf1 1/2-1/2

[Event "BCF-chT4S 1718 (4NCL)"]
[Site "England"]
[Date "2018.03.24"]
[Round "7.63"]
[White "Watson, Mikey J"]
[Black "Dias, Savin"]
[Result "1-0"]
[WhiteElo "1710"]
[BlackElo "1721"]
[PlyCount "127"]
[EventDate "2017.11.11"]
[EventType "team-swiss"]
[EventRounds "11"]
[EventCountry "ENG"]
[SourceTitle "EXT 2020"]
[Source "ChessBase"]
[SourceDate "2019.10.17"]
[SourceVersion "1"]
[SourceVersionDate "2019.10.17"]
[SourceQuality "1"]
[WhiteTeam "KJCA Young Kestrels"]
[BlackTeam "KJCA Kings II"]
[WhiteTeamCountry "ENG"]
[BlackTeamCountry "ENG"]

1. Nf3 Nf6 2. c4 e6 3. g3 b6 4. Bg2 Bb7 5. 0-0 Be7 6. d4 d5 7. Nc3 0-0 8. b3 c5 9. cxd5 exd5 10. Bb2 Re8 11. Rc1 Ne4 12. Qc2 f5 13. Rfd1 Nc6 14. e3 Nb4 15. Qb1 Bf8 16. a3 Na6 17. Ne2 g5 18. Nc3 g4 19. Ne5 h5 20. Nxe4 fxe4 21. Qc2 Rc8 22. Qe2 Qg5 23. Rd2 Bg7 24. h4 Qe7 25. Ng6 Qf7 26. Nf4 cxd4 27. Rxc8 Rxc8 28. Bxd4 Rc1+ 29. Kh2 Bxd4 30. Rxd4 Nc7 31. Qd2 Ra1 32. Qb2 Re1 33. Qc3 Rb1 34. a4 Ne6 35. Nxe6 Qxe6 36. Rd2 Qc6 37. Qxc6 Bxc6 38. Rc2 Be8 39. Rc7 Rxb3 40. Rxa7 Rb4 41. Ra8 Kf7 42. a5 bxa5 43. Rxa5 Rb5 44. Ra7+ Ke6 45. Bf1 Rb2 46. Kg2 Rb6 47. Rh7 Bg6 48. Rh8 Rd6 49. Bb5 Rb6 50. Be8 Bxe8 51. Rh6+ Ke5 52. Rxb6 Bf7 53. Kf1 d4 54. exd4+ Kxd4 55. Ke2 Bc4+ 56. Kd2 Bf7 57. Rb7 Bg6 58. Rd7+ Ke5 59. Ke3 Ke6 60. Ra7 Kf6 61. Kf4 Ke6 62. Ra6+ Kf7 63. Kg5 Kg7 64. Rxg6+ 1-0

[Event "BCF-chT4S 1718 (4NCL)"]
[Site "England"]
[Date "2017.11.11"]
[Round "1.33"]
[White "Ramprasad, Cherupalli"]
[Black "Watson, Mikey J"]
[Result "0-1"]
[WhiteElo "1895"]
[BlackElo "1710"]
[PlyCount "78"]
[EventDate "2017.11.11"]
[EventType "team-swiss"]
[EventRounds "11"]
[EventCountry "ENG"]
[SourceTitle "EXT 2020"]
[Source "ChessBase"]
[SourceDate "2019.10.17"]
[SourceVersion "1"]
[SourceVersionDate "2019.10.17"]
[SourceQuality "1"]
[WhiteTeam "Brown Jack II"]
[BlackTeam "KJCA Young Kestrels"]
[WhiteTeamCountry "ENG"]
[BlackTeamCountry "ENG"]

1. Nf3 Nf6 2. c4 c5 3. g3 Nc6 4. Nc3 d6 5. Bg2 Bf5 6. 0-0 e5 7. d3 Qd7 8. a3 Be7 9. Rb1 a5 10. Ne1 0-0 11. Nc2 Bh3 12. Bg5 Bxg2 13. Kxg2 Ng4 14. Bxe7 Nxe7 15. e4 f5 16. f3 Nf6 17. Qd2 Rae8 18. Ne2 b6 19. b4 axb4 20. axb4 Ng6 21. bxc5 dxc5 22. Nc3 f4 23. Rxb6 Qd8 24. Rfb1 Nh5 25. g4 Qg5 26. Kh1 Nf6 27. Rg1 Rb8 28. Rxb8 Rxb8 29. Nd5 Nh4 30. Ne1 h6 31. Qf2 Nxd5 32. cxd5 Rb5 33. Ng2 Ng6 34. Rc1 Qe7 35. Qa2 Kh7 36. Qa6 Rb2 37. Ne1 Qh4 38. Ng2 Qh3 39. Rg1 Nh4 0-1

[Event "London Weekend op 12"]
[Site "London"]
[Date "2016.12.11"]
[Round "4"]
[White "Watson, Mikey J"]
[Black "Ridge, Michael"]
[Result "0-1"]
[WhiteElo "1727"]
[BlackElo "1881"]
[PlyCount "148"]
[EventDate "2016.12.09"]
[EventType "swiss"]
[EventRounds "5"]
[EventCountry "ENG"]
[SourceTitle "CBM 176 Extra"]
[Source "ChessBase"]
[SourceDate "2017.03.02"]
[SourceVersion "1"]
[SourceVersionDate "2017.03.02"]
[SourceQuality "1"]

1. Nf3 g6 2. g3 Bg7 3. c4 e5 4. d3 d6 5. Bg2 f5 6. Bg5 Nf6 7. Nc3 h6 8. Bd2 0-0 9. Qc2 Nc6 10. a3 Be6 11. Rb1 Qe7 12. 0-0 a5 13. e3 g5 14. b4 axb4 15. axb4 e4 16. Nd4 exd3 17. Qxd3 Ne5 18. Nxf5 Qd7 19. Qc2 Bxf5 20. e4 Bh3 21. c5 Bxg2 22. Kxg2 Kh8 23. f4 gxf4 24. Bxf4 Qe6 25. Nb5 Ra2 26. Rb2 Rxb2 27. Qxb2 Nc4 28. Qc1 Qxe4+ 29. Kg1 Ne5 30. cxd6 cxd6 31. Nxd6 Qd4+ 32. Qe3 Qxe3+ 33. Bxe3 Nfg4 34. Bf4 Nd3 35. Nxb7 Nxf4 36. Rxf4 Rxf4 37. gxf4 Bd4+ 38. Kg2 Ne3+ 39. Kf3 Nc2 40. b5 Na3 41. Nd6 Bc5 42. Ne4 Bg1 43. Kg2 Bd4 44. Nd6 Bc5 45. Ne4 Bb6 46. Nd6 Bc7 47. Nf7+ Kg7 48. Nxh6 Kxh6 49. Kf3 Nxb5 50. Ke4 Nc3+ 51. Kd3 Nd5 52. f5 Bxh2 53. Ke4 Nf6+ 54. Kd4 Kg5 55. Kc5 Kxf5 56. Kc6 Ke6 57. Kc5 Bg1+ 58. Kc4 Kd6 59. Kd3 Kd5 60. Ke2 Ke4 61. Kf1 Bh2 62. Kg2 Ng4 63. Kh1 Bb8 64. Kg2 Be5 65. Kh3 Kf3 66. Kh4 Kf4 67. Kh5 Kf5 68. Kh4 Nf2 69. Kh5 Bg3 70. Kh6 Be5 71. Kh7 Kf6 72. Kg8 Bd6 73. Kh8 Kg6 74. Kg8 Ng4 0-1